| 000 | 00709nam a22002057a 4500 | ||
|---|---|---|---|
| 999 |
_c19129 _d19129 |
||
| 003 | AR-CdUCM | ||
| 008 | 190516b ||||| |||| 00| 0 spa d | ||
| 040 |
_aMUNICIPALIDAD PROVINCIAL DEL CUSCO _cBIBLIOTECA MUNICIPAL DEL CUSCO |
||
| 082 |
_a869.56 / _bB18 |
||
| 100 |
_aBallón, Juan Francisco _940283 |
||
| 245 |
_aTahuantinsuyo : _bHistoria de un Inca desconocido / |
||
| 260 |
_aArequipa : _bUniversitaria de Arequipa, |
||
| 300 |
_a673 páginas ; _c24 cm. |
||
| 505 | _aContenido : Tomebamba -- El sueña de Mincha -- Guerra de los andes -- Huaina Capac... | ||
| 650 |
_aLiteratura _983 |
||
| 650 |
_aNovela histórica _92493 |
||
| 650 |
_aPerú antiguo _918455 |
||
| 942 |
_2ddc _cLIBROS |
||
| 945 | _arcc | ||